000
003080000a22001450004500
020
_a
07460 5183 2
082
0
4
_a
B W340t
100
1
_a
Watt, Fiona
245
1
0
_a
Trucks / Fiona Watt
260
_a
London : Usborne House
300
_a
[ 8 p. ]
500
_a
Texto de pasta dura
001
506
942
_c
LGB
999
_c
47721
_d
47721